Összegzárolás szállodákban
| Szerző: | |
|---|---|
| További közreműködők: | |
| Dokumentumtípus: | Projektmunka |
| Kulcsszavak: | Ensana Grand Margaret Island Összegzárolás szálloda újítás vendégélmény |
| Online Access: | http://dolgozattar.uni-bge.hu/60069 |
MARC
| LEADER | 00000nnm a2200000 i 4500 | ||
|---|---|---|---|
| 001 | dolg60069 | ||
| 005 | 20260409145937.0 | ||
| 008 | 260409suuuu hu o 000 hun d | ||
| 040 | |a BGE Dolgozattár Repozitórium |b hun | ||
| 041 | |a hu | ||
| 100 | 1 | |a Fejes Zoltán | |
| 245 | 1 | 0 | |a Összegzárolás szállodákban |c Fejes Zoltán |h [elektronikus dokumentum] |
| 516 | |a Project_work | ||
| 520 | 3 | |a A kutatásom célja az volt, hogy megvizsgálhassam, miért is nehézkes bevezetni egy olyan dolgot az Ensana Grand&Thermal Margitsziget hotelekbe, ami más házakban már régen működő procedúra. Projektmunkámban interjú is szerepel, amelynek segítségével egy belső dolgozó munkatársammal beszéljük át a bennem felmerült kérdéseket, és közösen járjuk körbe a témát. A projektmunkám végén levonom a megfelelő következtetéseket, és javaslatot teszek arra, hogy hogyan kellene a folyamatot véghezvinni, illetve mi az a dolog, aminek segítségével gördülékenyebben mehetne végbe ez a folyamat, ami a szálloda érdekeit szolgálja. | |
| 695 | |a Ensana Grand Margaret Island | ||
| 695 | |a Összegzárolás | ||
| 695 | |a szálloda | ||
| 695 | |a újítás | ||
| 695 | |a vendégélmény | ||
| 700 | 1 | |a Rézmányi Zsolt |e ths | |
| 856 | 4 | 0 | |u http://dolgozattar.uni-bge.hu/60069/1/%C3%96sszegz%C3%A1rol%C3%A1s%20sz%C3%A1llod%C3%A1kban.pdf |z Dokumentum-elérés |
| 856 | 4 | 0 | |u http://dolgozattar.uni-bge.hu/60069/2/Projektmunka%20b%C3%ADr%C3%A1lati%20lap_Fejes%20Zolt%C3%A1n.pdf |z Dokumentum-elérés |